| 000 | 00597nam a2200229Ia 4500 | ||
|---|---|---|---|
| 005 | 20240217115822.0 | ||
| 008 | 131103s9999 xx 000 0 und d | ||
| 020 | _cRs.13 | ||
| 040 | _aLoreto College | ||
| 041 | _aEnglish | ||
| 082 |
_a370.954 _bBHA |
||
| 100 | _aBharati,S.Vijaya | ||
| 245 |
_aC.Subramania Bharati, _cS.Vijaya Bharati |
||
| 250 | _aMinistry of Information and Broadcasting; Government of India | ||
| 260 |
_aDelhi _bMinistry _c1972 |
||
| 300 | _aix,70p. | ||
| 504 | _aReprinted 1989 | ||
| 650 | _aEducation | ||
| 651 | _aIndia | ||
| 850 | _aLCLIB | ||
| 942 | _cBK | ||
| 999 |
_c11449 _d61928 |
||